Statistiques concernant Villes les plus peuplées du monde sur des îles

Cliquez ici pour prendre le quiz!

Statistiques générales

  • Ce quiz a été pris 51 fois
  • Le résultat moyen est 6 sur 10

Statistiques - réponses

PopulationVille% Correct
41.0Tokyo
96%
29.2Jakarta
86%
17.7Osaka
84%
27.2Manille
78%
14.9Londres
69%
7.9Singapour
63%
10.0Taipei
51%
10.5Nagoya
47%
7.0Bandung
43%
7.3Hong Kong
31%

Distribution des résultats

Percentile par nombre de réponses

% des personnes avec chaque résultat

Votre développement - résultats

Vous n’avez pas pris ce quiz